September 2024 RICS/Ci Portuguese Housing Market Survey (Record no. 122082)
[ view plain ]
| 000 -LEADER | |
|---|---|
| fixed length control field | 02006nam a22002297a 4500 |
| 008 - FIXED-LENGTH DATA ELEMENTS--GENERAL INFORMATION | |
| fixed length control field | 241223e20241104po |||||o|||| 00| 0 eng d |
| 041 ## - LANGUAGE CODE | |
| Language code of text/sound track or separate title | eng |
| 110 ## - MAIN ENTRY--CORPORATE NAME | |
| Corporate author | Royal Institution of Chartered Surveyors |
| 245 ## - TITLE STATEMENT | |
| Title | September 2024 RICS/Ci Portuguese Housing Market Survey |
| Medium | [Electronic resource] |
| 260 ## - PUBLICATION INFORMATION | |
| Publisher | Royal Institution of Chartered Surveyors & Confidencial Imobilario |
| Date | 4 November 2024 |
| 300 ## - PHYSICAL DESCRIPTION | |
| Physical description | 5p |
| 490 ## - SERIES TITLE | |
| Series statement | Portuguese Housing Market Survey |
| 520 ## - ABSTRACT | |
| Abstract | RICS, in partnership with Confidencial Imobiliario, produces the Portuguese Housing Market Survey, a sentiment survey that collects and analyses the opinions of professionals in agency and development about the prices, availability and demand of residential property in three areas of the country: Greater Lisbon, Greater Oporto and the Algarve. The latest edition (September 2024) of the RICS/Ci PHMS <br/>presents a slightly more positive picture in comparison to recent <br/>iterations of the survey, with both demand and promised sales <br/>strengthening. Furthermore, expectations surrounding the market <br/>remain similarly upbeat with positive trends seen in both the sales <br/>and lettings market. <br/>Beginning with new buyer enquiries, the net balance has moved <br/>out of the negative zone from -2% last quarter to +2% quarter, <br/>although remains close to 0 and within neutral territory. On the <br/>supply side, there has been a noticeable decline in negativity <br/>for new instructions with the net balance for September coming <br/>in at -3%, significantly above last month’s -20%.<br/> |
| 650 ## - KEYWORDS | |
| Keywords | HOUSING MARKET |
| 650 ## - KEYWORDS | |
| Keywords | RESIDENTIAL PROPERTY |
| 651 ## - SUBJECT ADDED ENTRY--GEOGRAPHIC NAME | |
| Geographic name | Portugal |
| 690 ## - BROAD SUBJECT | |
| Broad subject | Residential property |
| 9 (RLIN) | 6266 |
| 710 ## - ADDED CORPORATE NAME | |
| Added corporate author | Royal Institution of Chartered Surveyors |
| 710 ## - ADDED CORPORATE NAME | |
| Added corporate author | Confidencial Imobiliário |
| 856 ## - ONLINE RESOURCE | |
| Uniform Resource Identifier | <a href="https://www.rics.org/content/dam/ricsglobal/documents/market-surveys/rics-ci-portuguese-housing-market-survey/portuguese-housing-market-survey-september-2024.pdf">https://www.rics.org/content/dam/ricsglobal/documents/market-surveys/rics-ci-portuguese-housing-market-survey/portuguese-housing-market-survey-september-2024.pdf</a> |
| Public note | Available free on RICS.org |
| 942 ## - ADDED ENTRY ELEMENTS (KOHA) | |
| Suppress in OPAC | Do not suppress in OPAC |
| Lost status | Damaged status | Not for loan | Current library | Shelving location | Date acquired | Total Checkouts | Full call number | Date last seen | Price effective from | Koha item type |
|---|---|---|---|---|---|---|---|---|---|---|
| Virtual | Online | 23/12/2024 | PROPERTY MARKET DATA | 23/12/2024 | 23/12/2024 | Online material |